000 00510nam a2200181Ia 4500
008 151202s9999||||xx |||||||||||||| ||und||
082 _bPNVM-33299
100 _aसामंत माया.
245 _aअचानक.
260 _b"सागर प्रकाशन,सातारा."
260 _c1978
300 _a80
600 _aसामंत माया.
630 _aअचानक.
700 _aसामंत माया.
730 _aअचानक.
942 _cBOOK
999 _c1299260
_d1299257